North East India: Soil and water management imperatives for food security in a changing climate (Record no. 64031)

MARC details
000 -LEADER
fixed length control field 00390nam a2200133Ia 4500
100 ## - MAIN ENTRY--AUTHOR NAME
Personal name Manoj-Kumar
245 #0 - TITLE STATEMENT
Title North East India: Soil and water management imperatives for food security in a changing climate
260 ## - PUBLICATION, DISTRIBUTION, ETC. (IMPRINT)
Name of publisher Current Science
Year of publication 2011
300 ## - PHYSICAL DESCRIPTION
Number of Pages 1119
650 ## - SUBJECT ADDED ENTRY--TOPICAL TERM
Topical Term Climate change
650 ## - SUBJECT ADDED ENTRY--TOPICAL TERM
Topical Term North East India
942 ## - ADDED ENTRY ELEMENTS (KOHA)
Koha item type Journals
Holdings
Withdrawn status Lost status Damaged status Not for loan Home library Current library Shelving location Date acquired Serial Enumeration / chronology Koha item type
      Journals RRII Library RRII Library Climate change 28/11/2011 Volume 101, Issue 9 Journals